Tilastot visalle Nimeä käypä saarivaltio

Klikkaa tästä pelataksesi tätä visaa!

Yleistilastot

  • Tätä visaa on pelattu 1 522 kertaa
  • Keskiarvotulos 12 / 20

Vastaustilastot

Nimeä saarivaltio...Vastaus% Oikein
jolla on maarajaa toisen valtion kanssaBrunei | Dominikaaninen tasavalta | Haiti | Indonesia | Irlanti | Itä-Timor | Papua-Uusi-Guinea | Yhdistynyt kuningaskunta
95%
VälimerelläKypros | Malta
87%
Karibialla, mutta jonka virallinen kieli ei ole englantiDominikaaninen tasavalta | Haiti | Kuuba
84%
jonka nimi alkaa kirjaimella TTaiwan | Tonga | Trinidad ja Tobago | Tuvalu
83%
jonka nimen lopussa on -ESIAIndonesia | Mikronesia
82%
jonka nimessä on SAARETMarshallinsaaret | Salomonsaaret
81%
jossa on yli 100 miljoonaa asukastaFilippiinit | Indonesia | Japani
80%
jonka nimi alkaa jonkinkielisellä versiolla sanasta "pyhä"Saint Kitts ja Nevis | Saint Lucia | Saint Vincent ja Grenadiinit | São Tomé ja Príncipe
74%
jossa ainakin 50 % asukkaista on muslimejaBahrain | Brunei | Indonesia | Komorit | Malediivit
72%
jota pidetään afrikkalaisena valtionaKap Verde | Komorit | Madagaskar | Mauritius | São Tomé ja Príncipe | Seychellit
62%
jonka lipussa on Yhdistyneen kuningaskunnan lippu (lukuun ottamatta Yhdistynyttä kuningaskuntaa)Fidži | Tuvalu | Uusi-Seelanti
59%
jossa on alle 50 000 asukastaNauru | Palau | Tuvalu
58%
joka sijaitsee kokonaan leveyspiirin 60°N pohjoispuolellaIslanti
57%
jonka valuutta on pesoDominikaaninen tasavalta | Filippiinit | Kuuba
53%
jonka lipussa on Etelän ristiPapua-Uusi-Guinea | Samoa | Uusi-Seelanti
41%
joka käyttää jotakin kreolikieltä virallisena tai kansallisena kielenäHaiti | Mauritius | Papua-Uusi-Guinea | Seychellit | Vanuatu
35%
joka sijaitsee ainakin kahden valtameren rannallaIndonesia | Itä-Timor
32%
jonka JetPunk tunnustaa, mutta YK eiTaiwan
30%
jonka virallinen kieli on portugaliItä-Timor | Kap Verde | São Tomé ja Príncipe
29%
jonka BKT asukasta kohden on yli $70 000 (PPP, 2020)Singapore | Brunei | Irlanti
27%

Tulosjakauma

Persentiili vastausten määrän mukaan

Jokaisen tuloksen saaneiden osuus

Tuloshistoriasi

Et ole pelannut tätä visaa